La modernidad contemporánea en América Latina

محفوظ في:
التفاصيل البيبلوغرافية
المؤلف الرئيسي: Domingues, José Maurício (مؤلف)
التنسيق: كتاب
اللغة:الإسبانية
منشور في: Buenos Aires Siglo XXI 2009
الطبعة:1a. ed
سلاسل:Sociología y Política
Pensar desde el Sur
الموضوعات:
الوسوم: إضافة وسم
لا توجد وسوم, كن أول من يضع وسما على هذه التسجيلة!

MARC

LEADER 00000cam a2200000 a 4500
001 UCG3577
003 CL-VaPUC
008 100902e20090000AG |||||||||||||||||spa|d
020 |a 9789876290906 
082 0 4 |a 303.44  |b DOM  |2 21 
100 0 |a Domingues, José Maurício  |e author  |9 552820 
245 1 3 |a La modernidad contemporánea en América Latina 
250 |a 1a. ed 
300 |a 269 p 
942 |c BK 
945 |d 20100902 00:00:00  |a mfarfan 
260 |a Buenos Aires  |b Siglo XXI  |c 2009 
650 0 |a Modernidad   |9 265371 
650 0 |a Sociología   |9 255410 
650 0 |a Desarrollo social  |9 264534 
650 0 |a Cambio social   |9 256857 
651 0 |a América Latina   |9 255027 
583 |a last modification  |c 20131018 04:02:26  |k Rodrigo Vera 
490 0 |a Sociología y Política 
490 0 |a Pensar desde el Sur 
999 |c 342631  |d 342629 
952 |0 0  |1 0  |4 0  |6 303_440000000000000_DOM_2009  |7 0  |8 A  |9 439018  |a BIBEDU  |b BIBEDU  |d 2019-11-22  |i 4715691  |o 303.44 DOM 2009  |p 4715691  |r 2019-11-22  |w 2019-11-22  |y BK  |k PSI 
952 |0 0  |1 0  |4 0  |6 303_440000000000000_DOM_2009  |7 0  |8 A  |9 439019  |a BIBEDU  |b BIBEDU  |d 2019-11-22  |i 4742699  |o 303.44 DOM 2009  |p 4742699  |r 2019-11-22  |w 2019-11-22  |y BK  |k LIT 
952 |0 0  |1 0  |4 0  |6 303_440000000000000_DOM_2009  |7 0  |8 A  |9 439020  |a BIBGIM  |b BIBGIM  |d 2019-11-22  |i 4744845  |o 303.44 DOM 2009  |p 4744845  |r 2025-01-15  |w 2019-11-22  |y BK  |k SSL 
952 |0 0  |1 0  |4 0  |6 303_440000000000000_DOM_2009  |7 0  |8 A  |9 439021  |a BIBGIM  |b BIBGIM  |d 2019-11-22  |i 4750624  |o 303.44 DOM 2009  |p 4750624  |r 2025-01-15  |w 2019-11-22  |y BK  |k SSL 
952 |0 0  |1 0  |4 0  |6 303_440000000000000_DOM_2009  |7 0  |8 A  |9 439022  |a FDOPOS  |b FDOPOS  |d 2019-11-22  |i 475347K  |o 303.44 DOM 2009  |p 475347K  |r 2025-01-22  |w 2019-11-22  |y BK  |k DLH 
952 |0 0  |1 0  |3 erb  |4 0  |6 303_440000000000000_DOM_2009  |7 0  |8 A  |9 439023  |a BIBEDU  |b BIBEDU  |d 2019-11-22  |i 5019257  |o 303.44 DOM 2009  |p 5019257  |r 2019-11-22  |w 2019-11-22  |y BK  |z Catalogado en:20131018  |k PSI